| 000 | 01326cam a22002891i 4500 | ||
|---|---|---|---|
| 003 | SA-RiAUC | ||
| 005 | 20260119142503.0 | ||
| 008 | 260107s2002 ||| g 000 0 ara c | ||
| 040 |
_aSA-JeALM _bara _cSA-RiAUC _erda |
||
| 082 | 0 | 4 | _a414.3 |
| 090 |
_aم ن 414.3 _bح ض ر |
||
| 100 | 1 |
_aالحضراوي، محمد سعيد بن الشيخ أحمد _eمؤلف. |
|
| 245 | 1 | 0 |
_aشرح مختصر جدا على متن السمرقندية ؛ _bويليه رسالة مختصرة في علم المنطق / _cمحمد سعيد بن الشيخ أحمد الحضراوي. |
| 250 | _aالطبعة الأولى. | ||
| 264 | 1 |
_a[مكان النشر غير محدد] : _b[الناشر غير محدد]، _c[2002] |
|
| 264 | 3 |
_a[مكان الطبع غير محدد] : _bالمطبعة الخيرية |
|
| 300 |
_a32صفحة؛ _c29 سم. |
||
| 336 |
_aنص _btxt _2rdacontent _3كتاب |
||
| 337 |
_aبدون وسيط _bn _2rdamedia |
||
| 338 |
_aمجلد _bnc _2rdacarrier |
||
| 650 | 7 |
_aالبلاغة العربية _2aucsh |
|
| 700 | 1 | 2 |
_aالسمرقندي، أبو القاسم بن أبي بكر الليثي، _dتوفي بعد 888 هجري |
| 740 | 2 | 2 | _aالسمرقندية. |
| 740 | 0 | 2 | _aرسالة مختصرة في علم المنطق. |
| 942 |
_2ddc _cRBOOK COPY _n0 |
||
| 949 |
_aSA-JeALM _d260107 _umohamedma123 _n1 |
||
| 999 |
_c14114 _d14114 |
||